Dorset Train Stations - Statistics

General Stats
  • This quiz has been taken 48 times
  • The average score is 14 of 21
Answer Stats
Operator Station % Correct
South Western Railway Weymouth
98%
South Western Railway Poole
95%
South Western Railway Bournemouth
90%
South Western Railway Dorchester South
83%
Great Western Railway Dorchester West
83%
South Western Railway Wareham
80%
South Western Railway Wool
78%
South Western Railway Christchurch
75%
South Western Railway Upwey
70%
South Western Railway Gillingham
63%
South Western Railway Hamworthy
63%
Great Western Railway Maiden Newton
63%
South Western Railway Parkstone
63%
South Western Railway Pokesdown
63%
South Western Railway Moreton
60%
South Western Railway Branksome
58%
South Western Railway Sherborne
58%
Great Western Railway Yetminster
50%
South Western Railway Holton Heath
48%
Great Western Railway Chetnole
45%
Great Western Railway Thornford
40%
No matching quizzes found
Score Distribution
Percent of People with Each Score
Percentile by Number Answered
Your Score History
You have not taken this quiz